| 000 | 00421pam a2200157 a 4500 | ||
|---|---|---|---|
| 020 |
_a9788184734508 _c |
||
| 040 | _aTRPR_799004 | ||
| 041 | _aeng | ||
| 100 | _aDe Robertis, Eduardo D. P | ||
| 245 |
_aCell and molecular biology _cE.D.P. De Robertis, E.M.F. De Robertis, Jr |
||
| 250 | _a8th ed | ||
| 260 |
_aNew Delhi _bWolters Kluwer _c2011 |
||
| 300 | _axxix, 734 p | ||
| 700 | _aDe Robertis, E. M. F | ||
| 930 | _a8833 | ||
| 999 |
_c85739 _d85739 |
||